[Event "BLR-ch sf"]
[Site "Minsk"]
[Date "2023.12.11"]
[Round "5"]
[White "Halavan, Uladzimir"]
[Black "Kisliak, Tsimur"]
[Result "0-1"]
[WhiteElo "1464"]
[BlackElo "1286"]
[PlyCount "70"]
[EventDate "2023.12.07"]
[EventType "swiss"]
[EventRounds "9"]
[EventCountry "BLR"]
[SourceTitle "CB51_2023"]
[SourceDate "2023.12.20"]
[SourceVersion "1"]
[SourceVersionDate "2023.12.20"]
[SourceQuality "1"]

1. e4 c5 2. Nf3 Nc6 3. Bb5 Qb6 4. Nc3 Nd4 5. Nxd4 cxd4 6. Nd5 Qd8 7. c3 e6 8. Nb4 Bxb4 9. cxb4 Qg5 10. Bf1 Nf6 11. d3 Qb5 12. Bd2 d6 13. Be2 e5 14. a4 Qd7 15. Qb3 Qe7 16. Bd1 Be6 17. Qa3 d5 18. exd5 Bxd5 19. f3 0-0 20. 0-0 Qe6 21. Bc2 Rac8 22. Bb1 Rfe8 23. Ba2 Bxa2 24. Rxa2 Rc2 25. b3 Rec8 26. Rxc2 Rxc2 27. Bg5 Qf5 28. Bxf6 gxf6 29. Rf2 Qxd3 30. Rxc2 Qd1+ 31. Kf2 Qxc2+ 32. Kg3 d3 33. b5 d2 34. Qe7 d1Q 35. Qxf6 Qg6+ 0-1

[Event "BLR-ch sf"]
[Site "Minsk"]
[Date "2023.12.08"]
[Round "2"]
[White "Kisliak, Tsimur"]
[Black "Bulgak, Damir"]
[Result "0-1"]
[WhiteElo "1286"]
[BlackElo "1818"]
[PlyCount "44"]
[EventDate "2023.12.07"]
[EventType "swiss"]
[EventRounds "9"]
[EventCountry "BLR"]
[SourceTitle "CB51_2023"]
[SourceDate "2023.12.20"]
[SourceVersion "1"]
[SourceVersionDate "2023.12.20"]
[SourceQuality "1"]

1. e4 c5 2. Nf3 d6 3. d4 cxd4 4. Nxd4 Nf6 5. Nc3 g6 6. f4 Nc6 7. Nxc6 bxc6 8. e5 Nd7 9. exd6 exd6 10. Qf3 d5 11. Bd3 Bg7 12. 0-0 0-0 13. a4 Nc5 14. Ne2 Re8 15. a5 Rb8 16. Ra2 Qh4 17. h3 Ne4 18. Be3 Rb7 19. c3 Rbe7 20. Nc1 Bf5 21. g4 Ng5 22. Qg2 Nxh3+ 0-1